000 00804nam a22001817a 4500
999 _c59165
_d59165
003 Ge_BSU
005 20221201142425.0
008 221201s1975ge xxu||||| |||| 00| 0 geo d
041 _ageo
080 _a821.511.141-31 ი-70
100 _aიოკაი, მორ, ავტ.
_916285
245 _aოქროკაცი :
_bრომანი /
_cმორ იოკაი, უნგრულიდან თარგმნა ლ. მაისურაძემ.
264 _aთბილისი :
_bმერანი,
_c1975.
300 _a472 გვ. ;
_b20 სმ.
653 _aუნგრული პროზა -- თარგმანები ქართულ ენაზ
700 _aმაისურაძე, ლ
_eმთარგმნელი
_96978
942 _2udc
_cBK